Państwa z największą ilością osób mówiących po arabsku - Statystyki

Ogólne statystyki
  • Ten quiz został rozwiązany 28 razy
  • Średni wynik to 8 z 10
Statystyki odpowiedzi
Ludność % Państwo % Poprawnych
22 miliony 73 Arabia Saudyjska
100%
94 miliony 93 Egipt
95%
31 milionów 72 Algieria
90%
30 milionów 75 Irak
86%
11 milionów 98 Tunezja
86%
28 milionów 94 Jemen
76%
9,9 milionów 98 Jordania
76%
26 milionów 72 Maroko
76%
17 milionów 92 Syria
76%
30 milionów 70 Sudan
71%
Nie znaleziono quizów pasujących do podanych kryteriów
Rozkład punktacji
Procent ludzi z każdym wynikiem
Percentyl według liczby udzielonych odpowiedzi
Twoja historia wyników
Nie rozwiązałeś tego quizu